A-003 港区の町名 - Statistics

General Stats
  • This quiz has been taken 23 times
  • The average score is 17 of 30
Answers on the Map
Answers color-coded by a green-red scale on the quiz's map according to % correct below.
 
Answer Stats
Answer % Correct
17.台場だいば
77%
19.虎ノ門とらのもん
77%
21.西新橋にししんばし
77%
24.東新橋ひがししんばし
77%
01.赤坂あかさか
69%
07.海岸かいがん
69%
08.北青山きたあおやま
69%
13.芝大門しばだいもん
69%
16.新橋しんばし
69%
18.高輪たかなわ
69%
25.三田みた
69%
06.愛宕あたご
62%
09.港南こうなん
62%
12.芝公園しばこうえん
62%
22.浜松町はままつちょう
62%
28.元赤坂もとあかさか
62%
02.麻布十番あざぶじゅうばん
54%
14.白金しろかね
54%
15.白金台しろかねだい
54%
26.南青山みなみあおやま
54%
10.しば
46%
11.芝浦しばうら
46%
04.麻布永坂町あざぶながさかちょう
38%
05.麻布狸穴町あざぶまみあなちょう
38%
20.西麻布にしあざぶ
38%
30.六本木ろっぽんぎ
38%
03.麻布台あざぶだい
31%
23.東麻布ひがしあざぶ
31%
27.南麻布みなみあざぶ
31%
29.元麻布もとあざぶ
15%
No matching quizzes found
Score Distribution
Percent of People with Each Score
Percentile by Number Answered
Your Score History
You have not taken this quiz